Comtesse de Noailles (Record no. 175894)

MARC details
000 -LEADER
campo de control de longitud fija 00798nam a2200253 i 4500
001 - NÚMERO DE CONTROL
campo de control 175894
003 - IDENTIFICADOR DE NÚMERO DE CONTROL
campo de control ES-MaACL
005 - FECHA Y HORA DE LA ÚLTIMA TRANSACCIÓN
campo de control 20251001145247.0
007 - CAMPO FIJO DE DESCRIPCIÓN FÍSICA--INFORMACIÓN GENERAL
campo de control de longitud fija t|
008 - DATOS DE LONGITUD FIJA--INFORMACIÓN GENERAL
campo de control de longitud fija 101129s1931 fr ||||1| fre d
080 ## - NÚMERO DE LA CLASIFICACIÓN DECIMAL UNIVERSAL
Número de la Clasificación Decimal Universal 929 Noailles, Anne Elisabeth de Branvocan, Comtesse de
100 1# - ENTRADA PRINCIPAL--NOMBRE DE PERSONA
Nombre de persona Larnac, Jean.
9 (RLIN) 144108
245 10 - MENCIÓN DEL TÍTULO
Título Comtesse de Noailles
Resto del título : sa vie, son oeuvre /
Mención de responsabilidad, etc. Jean Larnac.
250 ## - MENCION DE EDICION
Mención de edición 9e éd.
260 ## - PUBLICACIÓN, DISTRIBUCIÓN, ETC.
Lugar de publicación, distribución, etc. Paris :
Nombre del editor, distribuidor, etc. Éditions du Sagittaire,
Fecha de publicación, distribución, etc. imp. 1931.
300 ## - DESCRIPCIÓN FÍSICA
Extensión 259 p. ;
Dimensiones 19 cm.
490 1# - MENCIÓN DE SERIE
Mención de serie Les documentaires
504 ## - NOTA DE BIBLIOGRAFÍA, ETC.
Nota de bibliografía, etc. Bibliografía: p. 242-256.
546 ## - NOTA DE IDIOMA
Nota de lengua/lenguaje Texto en francés.
600 04 - PUNTO DE ACCESO ADICIONAL DE MATERIA--NOMBRE DE PERSONA
Nombre de persona Noailles, Anne Elisabeth de Brancovan,
Títulos y otros términos asociados al nombre Comtesse de
9 (RLIN) 85795
830 0# - PUNTO DE ACCESO ADICIONAL DE SERIE-TÍTULO UNIFORME
Título uniforme Les documentaires
9 (RLIN) 189839
852 ## - LOCALIZACIÓN
Ubicación ES-MaACL
Número de control de estantería E-13712
Holdings
Estatus retirado Estado de pérdida Estado de daño No para préstamo Biblioteca de origen Biblioteca actual Ubicación en estantería Fecha de adquisición Fuente de adquisición Total de préstamos Signatura topográfica completa Código de barras Visto por última vez Precio de reemplazo Tipo de ítem Koha
        Biblioteca del Ateneo de Madrid Biblioteca del Ateneo de Madrid Depósito 2 29/11/2010     E-13712 1184710 23/02/2023 23/02/2023 Libro impreso